000 00787nam a22002537a 4500
003 UA-OsUOA
001 39764
007 ta
008 20080518b un ||||| |||| 00| 0 ukr d
100 _aЛабынцев Ю.
700 _aЩавинская Л.
090 _a655.11
_bЛ12
942 _cBK
040 _aUA-OsUOA
_brus
_cUA-OsUOA
_dUA-OsUOA
245 _a"Напечатана... Иваном Федоровым... Москвитином"
300 _a111 с.
955 _a1
041 _arus
080 _a655.11
020 _a978-5-2960-0772-8
260 _aМ.
_c2007
650 7 _a655 Поліграфічна промисловість. Поліграфічні підприємства. Видавництва. Книжкова торгівля
_2UDC
999 _c438273
_d438273